000 00262nam a22001217a 4500
003 SGT
082 _a519.5, HOO
100 _aHOODA,R.P.
245 _aSTATISTICS FOR BUSINESS AND ECONOMICS
250 _a5th
260 _aNEW DELHI
_bVIKAS
_c2013
942 _2ddc
_cCD
999 _c10877
_d10877